| 000 | 00949nam a2200241Ia 4500 | ||
|---|---|---|---|
| 008 | 250130m2024 xx 000 0 spa d | ||
| 041 | _aspa | ||
| 110 | 2 |
_aCONFEDERACION EUROPEA DE SINDICATOS _cBruselas _9495 |
|
| 245 | 1 | 0 |
_aObservatorio anti-extrema derecha y Centro de Acción Pro-trabajadores y trabajadoras _b: adoptada en la reunión del Comité Ejecutivo de 15-16 octubre 2024 _c/ Confederación Europea de Sindicatos |
| 260 |
_a[Bruselas] : _bCES, _c2024 |
||
| 300 |
_a7 p. ; _c 30 cm |
||
| 500 | _aAdemás, en la port. : "Together for a Fair Deal for Workers" | ||
| 650 | 0 |
_aUE _96902 |
|
| 650 | 0 |
_aEUROPA _9139 |
|
| 650 | 0 |
_aIDEOLOGIA POLITICA _91711 |
|
| 650 | 0 |
_aVIOLENCIA _92442 |
|
| 650 | 0 |
_aEDUCACION _9431 |
|
| 650 | 0 |
_aIGUALDAD DE DERECHOS _91832 |
|
| 650 | 0 |
_aSINDICALISMO _9189 |
|
| 650 | 0 |
_aTRABAJADORAS _927153 |
|
| 856 |
_zPDF _uhttp://docpublicos.ccoo.es/cendoc/070127ObservatorioAntiExtrema.pdf |
||
| 942 |
_cDOCU_ELEC _2ddc |
||
| 999 |
_c61639 _d61639 |
||